LEADER 01265nam0 22003013i 450 001 PUV0635400 005 20231121125617.0 100 $a20140414d1910 ||||0itac50 ba 101 | $ager 102 $ade 181 1$6z01$ai $bxxxe 182 1$6z01$an 200 1 $a˜Die œWortbildung als stilistisches Mittel Exemplifiziert an Rabelais$enebst einem Anhang uber die Wortbildung bei Balzac in seinen Contes Drolatique $fvon Leo Spitzer 210 $aHalle$cNiemeyer$d1910 215 $a157 p.$d21 cm. 225 | $aBeihefte zur Zeitschrift für romanische Philologie$v29 410 0$1001CFI0073479$12001 $aBeihefte zur Zeitschrift für romanische Philologie$v29 606 $aLessico$xFormazione$x[nella] stilistica [di] Rabelais$2FIR$3RMLC387702$9I 676 $a401.4$9$v21 700 1$aSpitzer$b, Leo$3RAVV022536$4070$0132452 801 3$aIT$bIT-01$c20140414 850 $aIT-FR0017 899 $aBiblioteca umanistica Giorgio Aprea$bFR0017 $eN 912 $aPUV0635400 950 0$aBiblioteca umanistica Giorgio Aprea$d 52DFAG L 50$e 52SBA0000064935 VMB RS $fC $h20140414$i20140414 977 $a 52 996 $aWortbildung als stilistisches Mittel Exemplifiziert an Rabelais$91806807 997 $aUNICAS LEADER 04678nam 22008055 450 001 9910298468003321 005 20200920182452.0 010 $a3-319-15227-0 024 7 $a10.1007/978-3-319-15227-1 035 $a(CKB)3710000000414277 035 $a(EBL)2094347 035 $a(SSID)ssj0001500725 035 $a(PQKBManifestationID)11967974 035 $a(PQKBTitleCode)TC0001500725 035 $a(PQKBWorkID)11520245 035 $a(PQKB)10947539 035 $a(DE-He213)978-3-319-15227-1 035 $a(MiAaPQ)EBC2094347 035 $a(PPN)18602567X 035 $a(EXLCZ)993710000000414277 100 $a20150513d2015 u| 0 101 0 $aeng 135 $aur|n|---||||| 181 $ctxt 182 $cc 183 $acr 200 10$aFood Safety, Market Organization, Trade and Development /$fedited by Abdelhakim Hammoudi, Cristina Grazia, Yves Surry, Jean-Baptiste Traversac 205 $a1st ed. 2015. 210 1$aCham :$cSpringer International Publishing :$cImprint: Springer,$d2015. 215 $a1 online resource (254 p.) 300 $aDescription based upon print version of record. 311 $a3-319-15226-2 320 $aIncludes bibliographical references at the end of each chapters. 327 $aIntroduction: Food Safety, Trade and Development: The Role of Supply Chain Organization -- 1 The Multilateral Governance Framework for Food Safety. A Critical and Normative Overview -- 2 Overview of Food Safety Standards -- 3 Retail Driven Food Safety Regulation -- 4 Liability Rules, Inspection Systems, and Retailers' Strategies for Food Import Safety -- 5 Consumers' Behaviour Towards Food Safety: A Litterature Review -- 6 The Role of Food Standards in Trade and Development -- 7 Food Safety Standards and International Trade: The Impact on Developing Countries' Export Performance -- 8 Food Safety Regulation and Private Standards in China -- 9 The Impact of Private Food Standards on Trade and Development: Evidence from Peru -- 10 Food Standards, Smallholder Farmers and Participation in High Value Fresh Export Markets -- 11 Fresh Produce Regulation and Private Standards in Turkey: Implications for Export Markets -- Conclusion. 330 $aThis book provides an economic perspective on the effects of food safety standards on international trade. Focusing on food safety regulation at an international level and private food safety standards, the authors use contemporary methodologies to analyze supply chain structures and organization as well as food-chain actors? strategies. They also evaluate the effects of these on both consumer health and developing countries? access to international markets. The book provides ideas, suggestions and policy recommendations for reconciling economic interests with consumer health, which will be of special interest to academics as well as to practitioners. 606 $aAgriculture$xEconomic aspects 606 $aDevelopment economics 606 $aFood?Biotechnology 606 $aIndustrial organization 606 $aInternational economic relations 606 $aAgricultural Economics$3https://scigraph.springernature.com/ontologies/product-market-codes/W47000 606 $aDevelopment Economics$3https://scigraph.springernature.com/ontologies/product-market-codes/W42000 606 $aFood Science$3https://scigraph.springernature.com/ontologies/product-market-codes/C15001 606 $aIndustrial Organization$3https://scigraph.springernature.com/ontologies/product-market-codes/W31010 606 $aInternational Economics$3https://scigraph.springernature.com/ontologies/product-market-codes/W33000 615 0$aAgriculture$xEconomic aspects. 615 0$aDevelopment economics. 615 0$aFood?Biotechnology. 615 0$aIndustrial organization. 615 0$aInternational economic relations. 615 14$aAgricultural Economics. 615 24$aDevelopment Economics. 615 24$aFood Science. 615 24$aIndustrial Organization. 615 24$aInternational Economics. 676 $a330 676 $a337 676 $a338.1 676 $a338.6 676 $a338.9 676 $a641.3 676 $a664 702 $aHammoudi$b Abdelhakim$4edt$4http://id.loc.gov/vocabulary/relators/edt 702 $aGrazia$b Cristina$4edt$4http://id.loc.gov/vocabulary/relators/edt 702 $aSurry$b Yves$4edt$4http://id.loc.gov/vocabulary/relators/edt 702 $aTraversac$b Jean-Baptiste$4edt$4http://id.loc.gov/vocabulary/relators/edt 906 $aBOOK 912 $a9910298468003321 996 $aFood Safety, Market Organization, Trade and Development$92529300 997 $aUNINA